[Event "4th OCF Thanksgiving"]
[Site "Stillwater USA"]
[Date "2012.11.23"]
[Round "2.7"]
[White "Duke,Brian E"]
[Black "Chikkala,Srikar"]
[Result "0-1"]
[WhiteElo "1635"]
[BlackElo "1783"]
[WhiteFideId "2077035"]
[BlackFideId "2022249"]
[EventDate "2012.11.23"]
[EventType "swiss"]

1. e4 e5 2. Nf3 Nc6 3. Bb5 Nf6 4. Nc3 Bb4 5. d3 Nd4 6. Bc4 d5 7. Bxd5 Nxd5 8.
exd5 Bg4 9. Bd2 Bxc3 10. Bxc3 Bxf3 11. gxf3 Qxd5 12. Bxd4 exd4 13. Qe2+ Kd7 14.
Kd2 Rae8 15. Qf1 Qxf3 16. h4 h5 17. Re1 Rxe1 18. Qxe1 Re8 19. Qf1 g6 20. Rh3
Qf4+ 21. Kd1 Kc8 22. Qg2 Qe5 23. Rh1 Qe2+ 24. Kc1 Re5 25. Rd1 Rc5 26. Rd2 Qe6
27. b3 Qe1+ 28. Rd1 Qc3 0-1

[Event "4th OCF Thanksgiving"]
[Site "Stillwater USA"]
[Date "2012.11.23"]
[Round "3.1"]
[White "Langer,M USA"]
[Black "Wall,B"]
[Result "1-0"]
[WhiteTitle "FM"]
[WhiteElo "2219"]
[BlackElo "2202"]
[WhiteFideId "2015064"]
[BlackFideId "2020360"]
[EventDate "2012.11.23"]
[EventType "swiss"]

1. e4 a6 2. d4 g6 3. f4 Bg7 4. Nf3 d6 5. Bd3 c5 6. dxc5 Qa5+ 7. c3 Qxc5 8. Qe2
Bg4 9. Be3 Qc7 10. Nbd2 Nd7 11. h3 Bxf3 12. Nxf3 Ngf6 13. O-O-O e5 14. Bc2 O-O
15. g4 exf4 16. Bxf4 Ne5 17. Nxe5 dxe5 18. Bg5 Nd7 19. Be7 Rfe8 20. Bd6 Qa5 21.
Kb1 Nf8 22. Rdf1 b5 23. Qf2 Ne6 24. Qxf7+ Kh8 25. Bb4 1-0

[Event "4th OCF Thanksgiving"]
[Site "Stillwater USA"]
[Date "2012.11.23"]
[Round "3.2"]
[White "Johnson,C"]
[Black "Li,Ruifeng"]
[Result "0-1"]
[BlackTitle "CM"]
[WhiteElo "1929"]
[BlackElo "2070"]
[WhiteFideId "2021919"]
[BlackFideId "2061074"]
[EventDate "2012.11.23"]
[EventType "swiss"]

1. d4 g6 2. c4 Bg7 3. Nc3 d6 4. e4 c6 5. Bg5 a6 6. Nf3 b5 7. a3 Bb7 8. Rc1 Nd7
9. h3 Nb6 10. cxb5 cxb5 11. Bd3 Nf6 12. Qe2 O-O 13. O-O Rc8 14. Rfd1 h6 15. Bf4
Nc4 16. Bxc4 Rxc4 17. a4 Qb6 18. axb5 axb5 19. b3 Rcc8 20. Qxb5 Qxb5 21. Nxb5
Nxe4 22. Na7 Rxc1 23. Rxc1 Ra8 24. Nc6 Re8 25. Nd2 Nf6 26. Na5 Ba6 27. Rc6 Bb5
28. Rb6 Bd3 29. Be3 Nd5 30. Rb7 f5 31. Ndc4 f4 32. Bd2 Bxd4 33. Rb5 Nc3 34. Bxc3
Bxc3 35. Rb7 d5 0-1

[Event "4th OCF Thanksgiving"]
[Site "Stillwater USA"]
[Date "2012.11.23"]
[Round "3.4"]
[White "Garrett,William J"]
[Black "Zhong,Howard"]
[Result "0-1"]
[WhiteElo "1936"]
[BlackElo "1984"]
[WhiteFideId "2067803"]
[BlackFideId "2077043"]
[EventDate "2012.11.23"]
[EventType "swiss"]

1. c4 Nf6 2. Nc3 g6 3. g3 Bg7 4. Bg2 O-O 5. d4 d6 6. e3 Nbd7 7. Nge2 e5 8. O-O
Nh5 9. e4 c6 10. b3 Qb6 11. dxe5 dxe5 12. Qd6 Rd8 13. Na4 Qa6 14. Qc7 Re8 15.
Be3 b5 16. cxb5 cxb5 17. Nb2 Nf8 18. Rfd1 Be6 19. Nd3 Rec8 20. Qe7 Bf6 21. Qb4
Nd7 22. Nc5 Nxc5 23. Bxc5 Qb7 24. Be3 a5 25. Qd2 Rd8 26. Qc3 Rdc8 27. Qb2 Bg7
28. Nc3 Ra6 29. Nd5 Nf6 30. Nxf6+ Bxf6 31. Rac1 Rac6 32. Qd2 b4 33. Rxc6 Qxc6
34. Rc1 Qb7 35. Rxc8+ Qxc8 36. f3 Be7 37. Kf2 Bc5 38. Bf1 Bxe3+ 39. Qxe3 Qc7 40.
Bd3 h5 41. f4 exf4 42. gxf4 Kf8 43. h4 Qc3 44. f5 Qb2+ 45. Kf3 gxf5 46. Qc5+ Kg7
47. exf5 Bd7 48. Qg1+ Kh8 49. Qc5 Qf6 50. Kg3 Qg7+ 51. Kh2 Qf6 52. Kg3 Kg8 53.
Qxa5 Qd6+ 54. Kf2 Qxd3 55. Qa8+ Kh7 0-1

[Event "4th OCF Thanksgiving"]
[Site "Stillwater USA"]
[Date "2012.11.23"]
[Round "3.7"]
[White "Chikkala,Srikar"]
[Black "Wolf,Alexander P"]
[Result "1-0"]
[WhiteElo "1783"]
[BlackElo "1847"]
[WhiteFideId "2022249"]
[BlackFideId "2052865"]
[EventDate "2012.11.23"]
[EventType "swiss"]

1. e4 c5 2. c3 g6 3. d4 cxd4 4. cxd4 d6 5. Nc3 Nf6 6. Nf3 Bg7 7. Be3 Nc6 8. d5
Nb8 9. Rc1 a6 10. Be2 Bg4 11. Qb3 b5 12. h3 Bxf3 13. gxf3 Nbd7 14. a4 bxa4 15.
Qxa4 a5 16. Nb5 O-O 17. Na7 Qb8 18. Nc6 Qxb2 19. Nxe7+ Kh8 20. Qc2 Qxc2 21. Rxc2
Rfb8 22. Nc6 Rb1+ 23. Rc1 Rxc1+ 24. Bxc1 Nc5 25. Bf4 Ne8 26. Kd2 Nb3+ 27. Kc2
Nd4+ 28. Nxd4 Bxd4 29. Bb5 Bc5 30. Bc6 Rc8 1-0

[Event "4th OCF Thanksgiving"]
[Site "Stillwater USA"]
[Date "2012.11.24"]
[Round "4.1"]
[White "Li,Ruifeng"]
[Black "Langer,M USA"]
[Result "1-0"]
[WhiteTitle "CM"]
[BlackTitle "FM"]
[WhiteElo "2070"]
[BlackElo "2219"]
[WhiteFideId "2061074"]
[BlackFideId "2015064"]
[EventDate "2012.11.23"]
[EventType "swiss"]

1. e4 c5 2. Nc3 Nc6 3. f4 g6 4. Nf3 Bg7 5. Bc4 e6 6. f5 Nge7 7. fxe6 fxe6 8. d3
O-O 9. O-O d5 10. Bb3 b5 11. Nxb5 Qb6 12. c4 dxe4 13. dxe4 Ba6 14. Qd6 Nd4 15.
Qxb6 axb6 16. Nfxd4 cxd4 17. Bg5 Nc6 18. Nc7 Ra7 19. Nxe6 Rxf1+ 20. Rxf1 Na5 21.
Nxg7 Rxg7 22. Bf6 Rd7 23. Ba4 Rc7 24. b3 d3 25. Rd1 Nb7 26. Bd4 Nc5 27. Bxc5
bxc5 28. Rxd3 Bb7 29. Rd7 Rxd7 30. Bxd7 Bxe4 31. Kf2 Kf7 32. g3 Ke7 33. Bg4 Kd6
34. Ke3 Ke5 35. a3 Bc2 36. b4 Kd6 37. Kd2 Be4 38. b5 Kc7 39. Ke3 Bc2 40. Be6 g5
41. Kf3 h5 42. h4 gxh4 43. gxh4 Kb6 44. Kf4 Bd1 45. Bf7 Be2 46. Ke5 Bd1 47. Kd6
Bb3 48. a4 Bxa4 49. Bxh5 Bc2 50. Bf7 1-0

[Event "4th OCF Thanksgiving"]
[Site "Stillwater USA"]
[Date "2012.11.24"]
[Round "4.3"]
[White "Zhong,Howard"]
[Black "Berry,Ja"]
[Result "1-0"]
[WhiteElo "1984"]
[BlackElo "1980"]
[WhiteFideId "2077043"]
[BlackFideId "2025990"]
[EventDate "2012.11.23"]
[EventType "swiss"]

1. e4 e5 2. Nf3 Nc6 3. Bb5 a6 4. Ba4 Nf6 5. O-O Be7 6. Re1 b5 7. Bb3 O-O 8. h3
Bb7 9. d3 d6 10. c3 Na5 11. Bc2 c5 12. Nbd2 Qc7 13. Nf1 Rac8 14. Ng3 Nd7 15. Be3
Bf6 16. Rc1 Rfe8 17. b3 Nc6 18. d4 exd4 19. cxd4 cxd4 20. Nxd4 Nde5 21. Ndf5
Rcd8 22. Nh5 Ng6 23. Nxf6+ gxf6 24. Qh5 Qd7 25. Qh6 1-0

[Event "4th OCF Thanksgiving"]
[Site "Stillwater USA"]
[Date "2012.11.24"]
[Round "4.4"]
[White "Latino,C"]
[Black "Johnson,C"]
[Result "0-1"]
[WhiteElo "1931"]
[BlackElo "1929"]
[WhiteFideId "2027275"]
[BlackFideId "2021919"]
[EventDate "2012.11.23"]
[EventType "swiss"]

1. d4 Nf6 2. Nf3 e6 3. Bg5 Be7 4. e3 d5 5. Nbd2 O-O 6. Bd3 b6 7. Ne5 Bb7 8. O-O
h6 9. Bh4 Nfd7 10. Bxe7 Qxe7 11. f4 c5 12. c3 Nc6 13. Qh5 Nf6 14. Qh3 Ne4 15.
Ndf3 Kh7 16. Ng5+ Kg8 17. Nxe4 Nxe5 18. Nf6+ Qxf6 19. fxe5 Qe7 20. Rf3 f6 21.
Raf1 fxe5 22. Rxf8+ Rxf8 23. Rxf8+ Kxf8 24. dxe5 d4 25. exd4 cxd4 26. cxd4 Qb4
27. Qe3 Qxb2 28. Qf2+ Qxf2+ 29. Kxf2 a6 30. g3 b5 31. Ke3 Bc6 32. Be4 Be8 33. d5
exd5 34. Bxd5 a5 35. Kd4 b4 36. Kc5 Ke7 37. Kb6 a4 38. Kc5 b3 39. axb3 a3 40. b4
Bf7 41. b5 Bxd5 0-1

[Event "4th OCF Thanksgiving"]
[Site "Stillwater USA"]
[Date "2012.11.24"]
[Round "4.7"]
[White "Jiang,Bryan Liu"]
[Black "Garrett,William J"]
[Result "0-1"]
[WhiteElo "1688"]
[BlackElo "1936"]
[WhiteFideId "2060965"]
[BlackFideId "2067803"]
[EventDate "2012.11.23"]
[EventType "swiss"]

1. e4 c6 2. d4 d5 3. Nc3 dxe4 4. Nxe4 Nd7 5. Nf3 Ngf6 6. Nxf6+ Nxf6 7. c3 Bg4 8.
Bd3 e6 9. h3 Bh5 10. g4 Bg6 11. Ne5 Qd5 12. f3 Bxd3 13. Qxd3 Be7 14. Kf2 Nd7 15.
Bf4 Bh4+ 16. Ke3 Rd8 17. Qc4 Nxe5 18. Qxd5 exd5 19. Bxe5 O-O 20. Rh2 Rfe8 21.
Kd2 Rd7 22. Rg1 Bg5+ 23. f4 f6 24. fxg5 fxe5 25. Re1 0-1

[Event "4th OCF Thanksgiving"]
[Site "Stillwater USA"]
[Date "2012.11.24"]
[Round "4.8"]
[White "Wolf,Alexander P"]
[Black "Horton Jr,Stanley M"]
[Result "1-0"]
[WhiteElo "1847"]
[BlackElo "1702"]
[WhiteFideId "2052865"]
[BlackFideId "2022192"]
[EventDate "2012.11.23"]
[EventType "swiss"]

1. e4 d6 2. d4 Nf6 3. f3 g6 4. Be3 Bg7 5. c4 O-O 6. Nc3 c6 7. Qd2 Nbd7 8. Nge2
e5 9. d5 Nb6 10. b3 cxd5 11. cxd5 Bd7 12. g4 a5 13. Ng3 a4 14. Rb1 Rc8 15. h4
Qc7 16. Rc1 Qd8 17. h5 Bxg4 18. fxg4 Nxg4 19. Be2 Nxe3 20. Qxe3 f5 21. exf5 gxf5
22. Nxf5 Rxf5 23. Bg4 Qg5 24. Qxg5 Rxg5 25. Bxc8 Nxc8 26. Ne4 1-0

[Event "4th OCF Thanksgiving"]
[Site "Stillwater USA"]
[Date "2012.11.24"]
[Round "5.1"]
[White "Langer,M USA"]
[Black "Johnson,C"]
[Result "1-0"]
[WhiteTitle "FM"]
[WhiteElo "2219"]
[BlackElo "1929"]
[WhiteFideId "2015064"]
[BlackFideId "2021919"]
[EventDate "2012.11.23"]
[EventType "swiss"]

1. e4 e5 2. Nf3 Nc6 3. Bc4 Nf6 4. d3 Bc5 5. c3 O-O 6. Bg5 d6 7. Nbd2 Be6 8. b4
Bb6 9. Bb3 a5 10. b5 Ne7 11. Bxf6 gxf6 12. Nc4 c6 13. a4 d5 14. Nxb6 Qxb6 15.
Rb1 Qc5 16. Qc2 cxb5 17. exd5 Bxd5 18. axb5 Bxf3 19. gxf3 Rfc8 20. Bc4 Ng6 21.
Qe2 b6 22. Qe4 Ra7 23. Rg1 Kf8 24. Qf5 Rd8 25. Qxf6 Rd6 26. Qg5 Rad7 27. Qh6+
Ke7 28. Qxh7 Rf6 29. Rxg6 Rxg6 30. Qxf7+ Kd8 31. Qxg6 1-0

[Event "4th OCF Thanksgiving"]
[Site "Stillwater USA"]
[Date "2012.11.24"]
[Round "5.2"]
[White "Wall,B"]
[Black "Li,Ruifeng"]
[Result "0-1"]
[BlackTitle "CM"]
[WhiteElo "2202"]
[BlackElo "2070"]
[WhiteFideId "2020360"]
[BlackFideId "2061074"]
[EventDate "2012.11.23"]
[EventType "swiss"]

1. d4 g6 2. Bg5 Bg7 3. c3 d5 4. Nd2 Nf6 5. Ngf3 O-O 6. e3 b6 7. Bd3 Bb7 8. O-O
Nbd7 9. Qe2 Ne4 10. Bh4 c5 11. Rad1 Ndf6 12. Nb1 Qc7 13. Ne1 g5 14. Bg3 Nxg3 15.
hxg3 Rad8 16. f4 Ne4 17. Bxe4 dxe4 18. Nd2 f5 19. Nc2 Qc8 20. Qc4+ Kh8 21. Qa4
Ba6 22. Rfe1 gxf4 23. gxf4 Bf6 24. Kf2 Bd3 25. Na3 Qe6 26. Qb3 Bh4+ 27. Kg1 Qg6 0-1

[Event "4th OCF Thanksgiving"]
[Site "Stillwater USA"]
[Date "2012.11.24"]
[Round "5.3"]
[White "Chikkala,Srikar"]
[Black "Zhong,Howard"]
[Result "1-0"]
[WhiteElo "1783"]
[BlackElo "1984"]
[WhiteFideId "2022249"]
[BlackFideId "2077043"]
[EventDate "2012.11.23"]
[EventType "swiss"]

1. e4 c5 2. c3 g6 3. d4 cxd4 4. cxd4 d5 5. e5 Nc6 6. Nc3 Bg7 7. Nf3 Bg4 8. Be3
e6 9. Qb3 Qd7 10. Nd2 g5 11. Nb5 Bf8 12. Bxg5 a6 13. f3 Bf5 14. g4 Bg6 15. Qa4
Rc8 16. Nc3 b5 17. Qxa6 Nb4 18. Qxb5 Nc2+ 19. Kf2 Nxa1 20. Qb6 Ne7 21. Bb5 Nc6
22. Rxa1 Be7 23. Bxe7 Kxe7 24. Qc5+ Kd8 25. Rc1 Qe7 26. Qb6+ Qc7 27. Na4 Qxb6
28. Nxb6 Rc7 29. Bxc6 Ke7 30. a4 Rb8 31. a5 f6 32. b4 Be8 33. b5 Ra7 34. exf6+
Kxf6 35. Nb3 Bg6 36. Nd7+ Rxd7 37. Bxd7 Bd3 38. b6 Ba6 39. Nc5 Bb7 40. Nxb7 Rxb7
41. Rc7 Rb8 42. b7 e5 43. dxe5+ Kxe5 44. a6 Kd6 45. Rc8 Kxd7 46. Rxb8 Kc7 47.
Rf8 Kb6 48. b8=Q+ Kxa6 49. Rf7 d4 50. Ra7# 1-0

[Event "4th OCF Thanksgiving"]
[Site "Stillwater USA"]
[Date "2012.11.24"]
[Round "6.2"]
[White "Chikkala,Srikar"]
[Black "Langer,M USA"]
[Result "1-0"]
[BlackTitle "FM"]
[WhiteElo "1783"]
[BlackElo "2219"]
[WhiteFideId "2022249"]
[BlackFideId "2015064"]
[EventDate "2012.11.23"]
[EventType "swiss"]

1. e4 c5 2. c3 d5 3. exd5 Qxd5 4. d4 g6 5. Nf3 Bg7 6. Be3 Nh6 7. Nbd2 cxd4 8.
Bc4 Qd6 9. Ne4 Qc7 10. Bxd4 e5 11. Bc5 Nd7 12. Qa4 a6 13. Bb4 Nf5 14. Bxf7+ Kxf7
15. Qb3+ Ke8 16. Nd6+ Nxd6 17. Qe6+ Kd8 18. Bxd6 Bf6 19. Nxe5 Rf8 20. Nf7+ Rxf7
21. Bxc7+ Kxc7 22. Qxf7 1-0

[Event "4th OCF Thanksgiving"]
[Site "Stillwater USA"]
[Date "2012.11.24"]
[Round "6.3"]
[White "Garrett,William J"]
[Black "Wall,B"]
[Result "0-1"]
[WhiteElo "1936"]
[BlackElo "2202"]
[WhiteFideId "2067803"]
[BlackFideId "2020360"]
[EventDate "2012.11.23"]
[EventType "swiss"]

1. c4 a6 2. g3 Nf6 3. Bg2 g6 4. Nc3 Bg7 5. d4 O-O 6. e4 d6 7. Nge2 Nc6 8. O-O e5
9. d5 Na5 10. Qd3 c5 11. dxc6 bxc6 12. b4 Nb7 13. Be3 Ng4 14. Bd2 f5 15. h3 Nf6
16. Rab1 fxe4 17. Nxe4 Nxe4 18. Qxe4 Bf5 19. Qxc6 Bxb1 20. Qxb7 Bxa2 21. Qd5+
Kh8 22. Nc1 Bb1 23. Qxa8 Qxa8 24. Bxa8 Rxa8 25. Nb3 Bf5 26. Kg2 Kg8 27. Rc1 Kf7
28. f4 h5 29. fxe5 Bxe5 30. Na5 Be4+ 31. Kf2 Ke6 32. Bf4 Bd4+ 33. Ke2 Rd8 34. h4
Bb2 35. Rd1 Bf5 36. Re1 Kd7 37. Kd2 Rc8 38. Re3 Bd4 39. Re1 Bb6 40. Rc1 Be4 41.
Nb3 Bd8 42. c5 Bd5 43. Nd4 dxc5 44. bxc5 Be7 45. c6+ Bxc6 46. Nxc6 Rxc6 47. Rb1
a5 48. Rb7+ Ke6 49. Ra7 Bb4+ 50. Kd3 Kf5 51. Rb7 Kg4 0-1

[Event "4th OCF Thanksgiving"]
[Site "Stillwater USA"]
[Date "2012.11.24"]
[Round "6.5"]
[White "Johnson,C"]
[Black "Wolf,Alexander P"]
[Result "1-0"]
[WhiteElo "1929"]
[BlackElo "1847"]
[WhiteFideId "2021919"]
[BlackFideId "2052865"]
[EventDate "2012.11.23"]
[EventType "swiss"]

1. d4 Nf6 2. c4 g6 3. Nc3 Bg7 4. e4 d6 5. Be2 c6 6. Bg5 Nbd7 7. Nf3 Qc7 8. O-O
O-O 9. h3 a5 10. Re1 e5 11. dxe5 dxe5 12. Qc2 Nc5 13. Bf1 Be6 14. Be3 Na6 15. a3
h6 16. Na4 Nd7 17. c5 f5 18. Bc4 Bxc4 19. Qxc4+ Kh7 20. Rad1 f4 21. Bd2 Rf6 22.
Bxa5 Qxa5 23. Rxd7 Rb8 24. Red1 Rff8 25. R1d6 Rfd8 26. Qf7 Rxd7 27. Qxg6+ Kh8
28. Rxd7 Rg8 29. Ng5 1-0

[Event "4th OCF Thanksgiving"]
[Site "Stillwater USA"]
[Date "2012.11.25"]
[Round "7.1"]
[White "Zhong,Howard"]
[Black "Li,Ruifeng"]
[Result "0-1"]
[BlackTitle "CM"]
[WhiteElo "1984"]
[BlackElo "2070"]
[WhiteFideId "2077043"]
[BlackFideId "2061074"]
[EventDate "2012.11.23"]
[EventType "swiss"]

1. e4 Nc6 2. d4 d5 3. e5 Bf5 4. c3 e6 5. Nf3 h6 6. Be2 Nge7 7. Be3 Bh7 8. O-O
Nf5 9. Qd2 Be7 10. b4 Qd7 11. a4 O-O 12. a5 f6 13. b5 Nd8 14. g4 Nxe3 15. Qxe3
f5 16. gxf5 Bxf5 17. Nbd2 Nf7 18. Bd3 Bg4 19. Kh1 h5 20. Rg1 Nh6 21. h3 Nf5 22.
Bxf5 Bxf5 23. Qh6 Bg4 24. Qg6 Rxf3 25. hxg4 Rh3+ 26. Kg2 hxg4 27. f3 Rh6 28.
Qxg4 Qxb5 29. Kf2 Rh2+ 30. Rg2 Rxg2+ 31. Qxg2 Qd3 32. Nb3 Qc2+ 33. Kg3 Qxb3 34.
Rh1 Kf7 35. Qh3 Qc2 36. Qh5+ Qg6+ 37. Qxg6+ Kxg6 38. Kg4 b6 39. a6 c5 40. dxc5
Bxc5 41. Rh5 Be3 42. f4 Bxf4 0-1

[Event "4th OCF Thanksgiving"]
[Site "Stillwater USA"]
[Date "2012.11.25"]
[Round "7.2"]
[White "Wall,B"]
[Black "Chikkala,Srikar"]
[Result "0-1"]
[WhiteElo "2202"]
[BlackElo "1783"]
[WhiteFideId "2020360"]
[BlackFideId "2022249"]
[EventDate "2012.11.23"]
[EventType "swiss"]

1. d4 d5 2. Bg5 h6 3. Bf4 Nf6 4. e3 Bf5 5. Bd3 Bxd3 6. cxd3 e6 7. Qb3 Qc8 8. Nf3
Nc6 9. O-O Be7 10. Nc3 O-O 11. Rac1 a6 12. Na4 Nd7 13. e4 Nf6 14. Rfe1 Rb8 15.
a3 g5 16. Be5 g4 17. Nd2 Rd8 18. Rxc6 bxc6 19. Qc2 Nd7 20. Qxc6 Nxe5 21. dxe5
Qd7 22. Qxd7 Rxd7 23. d4 dxe4 24. Rxe4 h5 25. f3 f5 26. exf6 Bxf6 27. fxg4 Rxd4
28. Rxd4 Bxd4+ 29. Kf1 hxg4 30. Nc4 Kf7 31. h3 gxh3 32. gxh3 e5 33. b4 Rh8 34.
Kg2 e4 35. Nd2 e3 36. Nf3 e2 37. Ne1 Ke7 38. Nc2 Rf8 0-1

[Event "4th OCF Thanksgiving"]
[Site "Stillwater USA"]
[Date "2012.11.25"]
[Round "7.4"]
[White "Jiang,Bryan Liu"]
[Black "Langer,M USA"]
[Result "0-1"]
[BlackTitle "FM"]
[WhiteElo "1688"]
[BlackElo "2219"]
[WhiteFideId "2060965"]
[BlackFideId "2015064"]
[EventDate "2012.11.23"]
[EventType "swiss"]

1. e4 c5 2. Nf3 d6 3. d4 cxd4 4. Nxd4 Nf6 5. Nc3 a6 6. Be3 e5 7. Nf3 Qc7 8. h3
Be7 9. Be2 b5 10. a3 Bb7 11. Bd3 d5 12. exd5 b4 13. Ne4 Nxd5 14. axb4 Nxe3 15.
fxe3 f5 16. Neg5 e4 17. Bxa6 Qg3+ 18. Kf1 Bxa6+ 0-1

[Event "4th OCF Thanksgiving"]
[Site "Stillwater USA"]
[Date "2012.11.25"]
[Round "7.6"]
[White "Latino,C"]
[Black "Wolf,Alexander P"]
[Result "1-0"]
[WhiteElo "1931"]
[BlackElo "1847"]
[WhiteFideId "2027275"]
[BlackFideId "2052865"]
[EventDate "2012.11.23"]
[EventType "swiss"]

1. d4 Nf6 2. Nf3 g6 3. e3 Bg7 4. Bd3 d6 5. O-O O-O 6. Nbd2 Nbd7 7. e4 e5 8. c3
h6 9. Re1 Qe7 10. Nf1 Nh5 11. g3 c5 12. Be3 Qe8 13. Kg2 f5 14. dxc5 dxc5 15.
exf5 gxf5 16. Nh4 e4 17. Be2 Ndf6 18. Bxc5 f4 19. Bxh5 Nxh5 20. Bxf8 fxg3 21.
hxg3 Kxf8 22. Qd6+ Kg8 23. Ng6 Kh7 24. Nh4 Bf6 25. Qc7+ Kh8 26. Qd6 Bxh4 27.
Qxh6+ Kg8 28. gxh4 Qf7 29. Rxe4 Bh3+ 30. Kg1 Qf3 31. Qg6+ Kh8 32. Nh2 1-0

[Event "4th OCF Thanksgiving"]
[Site "Stillwater USA"]
[Date "2012.11.25"]
[Round "8.1"]
[White "Li,Ruifeng"]
[Black "Latino,C"]
[Result "1-0"]
[WhiteTitle "CM"]
[WhiteElo "2070"]
[BlackElo "1931"]
[WhiteFideId "2061074"]
[BlackFideId "2027275"]
[EventDate "2012.11.23"]
[EventType "swiss"]

1. b3 e6 2. Bb2 f5 3. e3 Nf6 4. Be2 Be7 5. Bh5+ Nxh5 6. Qxh5+ Kf8 7. Ne2 Bf6 8.
Bxf6 Qxf6 9. Nbc3 c6 10. d4 d5 11. O-O-O Nd7 12. f3 Qg6 13. Qh4 Nf6 14. Rdf1 Ke8
15. Nf4 Qh6 16. Qe1 b6 17. Rfg1 Kd7 18. g4 g5 19. Nd3 Qg7 20. Qg3 Bb7 21. Ne5+
Kc8 22. gxf5 exf5 23. Qxg5 Qxg5 24. Rxg5 Nd7 25. Rxf5 Nxe5 26. Rxe5 Kd7 27. Rg1
Rag8 28. Reg5 Rxg5 29. Rxg5 Re8 30. Rg7+ Re7 31. Rxe7+ Kxe7 32. Kd2 Kf6 33. Ne2
c5 34. c3 Kg5 35. Nf4 cxd4 36. cxd4 a5 37. Nh3+ Kf5 38. Ng1 Kg5 39. Ne2 Kf5 40.
Nc3 Bc6 41. Kd3 h5 42. Nxd5 1-0

[Event "4th OCF Thanksgiving"]
[Site "Stillwater USA"]
[Date "2012.11.25"]
[Round "8.5"]
[White "Duke,Brian E"]
[Black "Nickels,Erik J"]
[Result "1-0"]
[WhiteElo "1635"]
[BlackElo "1823"]
[WhiteFideId "2077035"]
[BlackFideId "2054590"]
[EventDate "2012.11.23"]
[EventType "swiss"]

1. e4 c5 2. Nf3 d6 3. Bc4 e6 4. O-O Nf6 5. Re1 Nc6 6. d4 cxd4 7. Nxd4 Bd7 8. Nc3
Be7 9. a3 O-O 10. b4 a6 11. Bb2 b5 12. Bb3 Rc8 13. Nf3 e5 14. Nd5 Bg4 15. Rc1
Ne8 16. Nxe7+ Qxe7 17. h3 Bh5 18. Qd3 Bg6 19. Bd5 Nf6 20. c4 Nxd5 21. Qxd5 Na7
22. c5 Rfd8 23. cxd6 Rxc1 24. dxe7 Rxe1+ 25. Nxe1 Re8 26. Qd7 1-0

[Event "4th OCF Thanksgiving"]
[Site "Stillwater USA"]
[Date "2012.11.25"]
[Round "8.6"]
[White "Wolf,Alexander P"]
[Black "Jiang,Bryan Liu"]
[Result "1-0"]
[WhiteElo "1847"]
[BlackElo "1688"]
[WhiteFideId "2052865"]
[BlackFideId "2060965"]
[EventDate "2012.11.23"]
[EventType "swiss"]

1. e4 e5 2. Nf3 Nc6 3. Bb5 a6 4. Ba4 Nf6 5. O-O b5 6. Bb3 Be7 7. Re1 d6 8. c3
Bg4 9. d3 h6 10. h3 Bh5 11. Be3 g5 12. d4 g4 13. hxg4 Bxg4 14. Nbd2 a5 15. a4 b4
16. d5 bxc3 17. bxc3 Nb8 18. Bc4 Nh7 19. Bb5+ Nd7 20. Qc2 Bg5 21. Nxg5 hxg5 22.
f3 Bh5 23. g4 Bg6 24. c4 Kf8 25. c5 Kg7 26. cxd6 cxd6 27. Nc4 Qc7 28. Bxd7 Qxd7
29. Nb6 Qd8 30. Nxa8 Qxa8 31. Qc7 Rd8 32. Bb6 Rc8 33. Qxd6 f6 34. Rec1 1-0

[Event "60th ch-HUN w 2012"]
[Site "Kisvarda HUN"]
[Date "2012.12.04"]
[Round "1"]
[White "Ruszin,A"]
[Black "Goczo,M"]
[Result "1/2-1/2"]
[BlackTitle "WIM"]
[WhiteElo "2133"]
[BlackElo "2234"]
[WhiteFideId "728918"]
[BlackFideId "711985"]
[EventDate "2012.12.04"]

1. e4 c6 2. d4 d5 3. Nc3 g6 4. Nf3 Bg4 5. exd5 cxd5 6. h3 Bxf3 7. Qxf3 Nc6 8.
Qxd5 Qxd5 9. Nxd5 O-O-O 10. Ne3 Nxd4 11. Bc4 e6 12. Bd2 Nf6 13. Bd3 Bg7 14.
O-O-O Nd7 15. Rhe1 Nc5 16. Bc3 Rd7 17. Ng4 Nxd3+ 18. Rxd3 Rhd8 19. Ne5 Bxe5 20.
Rxe5 Nc6 21. Rxd7 Rxd7 22. Re3 Rd5 23. Re2 Kd7 24. Rd2 Kd6 25. Rxd5+ Kxd5 26.
Kd2 b5 27. a3 f5 28. Ke3 e5 29. g3 Nd8 30. h4 Ne6 31. f3 h5 32. b3 f4+ 33. gxf4
Nxf4 34. Kf2 Ne6 35. Ke3 Ng7 36. Be1 Ne6 37. Bc3 g5 38. hxg5 Nxg5 39. f4 exf4+
40. Kxf4 Ne6+ 41. Ke3 h4 42. Bf6 h3 43. Kf2 Nf4 44. Kg1 Ng2 45. c4+ bxc4 46.
bxc4+ Kxc4 47. Kh2 Nf4 48. Be5 Nd3 49. Bb8 a6 50. Kxh3 Kb3 51. Bd6 Nb2 52. Kg3
Nc4 53. Bc7 Nxa3 54. Kf3 Nb5 55. Bb6 Nc3 56. Bd8 Nd5 57. Ke2 Kc4 58. Kd2 Kb5 59.
Kc2 Nb6 60. Bxb6 1/2-1/2

[Event "60th ch-HUN w 2012"]
[Site "Kisvarda HUN"]
[Date "2012.12.04"]
[Round "1"]
[White "Rudolf,An"]
[Black "Varga,Kl"]
[Result "0-1"]
[WhiteTitle "WGM"]
[BlackTitle "WIM"]
[WhiteElo "2322"]
[BlackElo "2210"]
[WhiteFideId "722855"]
[BlackFideId "733210"]
[EventDate "2012.12.04"]

1. e4 e6 2. d4 d5 3. Nc3 Nc6 4. e5 b6 5. Nf3 Nge7 6. h4 a5 7. h5 h6 8. Bf4 Ba6
9. Bxa6 Rxa6 10. g4 a4 11. a3 Qd7 12. Qd3 Ra8 13. Nd2 Na5 14. Be3 c5 15. dxc5
Nec6 16. cxb6 Nxe5 17. Qe2 Nec4 18. Bd4 Nc6 19. Nf3 Nxd4 20. Nxd4 Bc5 21. O-O-O
O-O 22. g5 hxg5 23. h6 g6 24. Nf3 Qd6 25. Qxc4 dxc4 26. Rxd6 Bxd6 27. Kb1 Bc5
28. Ne4 Bxb6 29. Nf6+ Kh8 30. Nd7 Bxf2 31. Nxg5 Be3 32. Ne4 Rad8 33. Nxf8 Rxf8
34. Nd6 g5 35. Nxc4 Bf4 36. Rf1 e5 37. Nd6 f5 38. c4 e4 39. c5 Bxd6 40. cxd6 f4
41. d7 Rd8 42. Rd1 e3 43. Rd5 f3 44. Re5 Rxd7 45. Rxe3 f2 0-1

[Event "60th ch-HUN w 2012"]
[Site "Kisvarda HUN"]
[Date "2012.12.04"]
[Round "1"]
[White "Juhasz,Ba"]
[Black "Papp,Petra"]
[Result "0-1"]
[BlackTitle "WGM"]
[WhiteElo "2085"]
[BlackElo "2254"]
[WhiteFideId "743585"]
[BlackFideId "739049"]
[EventDate "2012.12.04"]

1. e4 c5 2. b3 d6 3. Bb2 Nf6 4. Nc3 Nc6 5. Bb5 Bd7 6. Nge2 a6 7. Bxc6 Bxc6 8. d3
e6 9. O-O Be7 10. h3 O-O 11. f4 b5 12. Qd2 a5 13. Nd1 a4 14. c4 a3 15. Bxf6 Bxf6
16. Rc1 bxc4 17. Rxc4 Qb6 18. Nf2 d5 19. Rcc1 Bb2 20. Rcd1 dxe4 21. dxe4 c4 22.
bxc4 Bxe4 23. Ng3 Rad8 24. Qe2 Bg6 25. Kh2 Qc7 26. Rxd8 Rxd8 27. Rd1 Rf8 28.
Nfe4 Qxf4 29. c5 Be5 0-1